000 00576nam a2200241 a 4500
001 nice12345678
003 IN_TiNIC
005 20260116011859.0
008 050524s1919 alla grp 000 0 urd
020 _a
_c100
082 0 0 _a239
_bGOL
100 _aGoldsack, William
245 _aIslam Men Qur`an.
260 _aAllahabad
_bChristian Lit. Society
_c1919
300 _a52p
500 _aincludes index and biblioraphy
505 2 _aReserve copies
650 _aApologetics
700 1 _aGoldsack, William
902 _bRBA
942 _cBK
999 _c4669
_d4669